Fruits of the Spirit (Galatians 5:22-23) - Bible - Statistics

General Stats
  • This quiz has been taken 1,960 times
  • The average score is 7 of 9
Answer Stats
Answer % Correct
Love
96%
Peace
88%
Longsuffering
87%
Joy
85%
Kindness
84%
Self-Control
70%
Gentleness
69%
Faithfulness
64%
Goodness
64%
No matching quizzes found
Score Distribution
Percent of People with Each Score
Percentile by Number Answered
Your Score History
You have not taken this quiz